书目信息 |
| 题名: |
提升党员干部政治能力
|
|
| 作者: | 黄相怀 著 | |
| 分册: | ||
| 出版信息: | 北京 中国民主法制出版社 2024 |
|
| 页数: | 165页 | |
| 开本: | 21cm | |
| 丛书名: | ||
| 单 册: | ||
| 中图分类: | D262.3 | |
| 科图分类: | ||
| 主题词: | ||
| 电子资源: | ||
| ISBN: | 978-7-5162-3143-2 | |
| 000 | 01437nam0 2200241 450 | |
| 001 | 012024000240 | |
| 005 | 20240924225235.0 | |
| 010 | @a978-7-5162-3143-2@dCNY38.00 | |
| 100 | @a20240924d2024 em y0chiy50 ea | |
| 101 | 0 | @achi |
| 102 | @aCN@b110000 | |
| 105 | @ay z 000yy | |
| 106 | @ar | |
| 200 | 1 | @a提升党员干部政治能力@Ati sheng dang yuan gan bu zheng zhi neng li@f黄相怀著 |
| 210 | @a北京@c中国民主法制出版社@d2024 | |
| 215 | @a165页@d21cm | |
| 314 | @a黄相怀,政治学博士,中共中央党校(国家行政学院)研究室副主任、研究员。长期专注于党的创新理论研究与解读工作。出版《做一个思想清醒的人:提升党员干部意识形态能力》《做一个政治上的明白人:提升党员干部政治能力》《做一个立场坚定的人:提升党员干部意识形态素养》《不忘初心:中国共产党为什么能永葆朝气》《牢记使命:中国共产党为什么能砥砺奋进》等著作多部。在《人民日报》《光明日报》以及《中共中央党校(国家行政学院)学报》《马克思主义研究》《科学社会主义》等报刊发表文章百余篇。 | |
| 330 | @a本书围绕正确的政治方向、敏锐的政治洞察、根本的政治立场、基本的政治素质、必要的政治历练以及重要的政治保障六个方面,展开多角度、多层次的论述,并提出有针对性的对策和建议。旨在引导党员干部坚定理想信念,坚持以人民为中心的发展思想,严格遵循政治纪律和规矩,提高各级党组织和党员干部的政治判断力、政治领悟力、政治执行力。 | |
| 601 | 02 | @a中国共产党@x干部教育@j学习参考资料 |
| 690 | @aD262.3@v5 | |
| 701 | 0 | @a黄相怀@Ahuang xiang huai@4著 |
| 801 | 0 | @aCN@bAHXH@c20240924 |
| 905 | @b214138850@dD262.3@e2072@f1 | |
| 提升党员干部政治能力/黄相怀著.-北京:中国民主法制出版社,2024 |
| 165页;21cm |
| ISBN 978-7-5162-3143-2:CNY38.00 |
| 本书围绕正确的政治方向、敏锐的政治洞察、根本的政治立场、基本的政治素质、必要的政治历练以及重要的政治保障六个方面,展开多角度、多层次的论述,并提出有针对性的对策和建议。旨在引导党员干部坚定理想信念,坚持以人民为中心的发展思想,严格遵循政治纪律和规矩,提高各级党组织和党员干部的政治判断力、政治领悟力、政治执行力。 |
| ● |
| 相关链接 |
|
|
|
|
正题名:提升党员干部政治能力
索取号:D262.3/2072
 
预约/预借
| 序号 | 登录号 | 条形码 | 馆藏地/架位号 | 状态 | 备注 |
| 1 | 1413885 | 214138850 | 第一样本阅览室/ [索取号:D262.3/2072] | 在馆 |